000 01025nam a22003137a 4500
003 CHAP
005 20220329134033.0
008 971013s1971 r 00010 d
010 _a14463
011 _a15435
035 _a19511
040 _cCHAP
090 _aTesis
100 0 0 _aHernández Herrera, Francisco Javier.
_954170
245 _aEstudio sobre sustitución de cultivos en 10 municipios del estado de Jalisco
260 _aGuadalajara, Jal. :
_bEl Autor,
_c1971
300 _a66 h.
_b: gráfs.
502 _aTesis (Lic. en Economía) -- Univ. de Guadalajara. Fac. de Economía
590 _aALEPH
_b10
_c20130110
_lUCH01
_h1236
590 _aBATCH-UPD
_b10
_c20130110
_lUCH01
_h2038
590 _aBATCH-UPD
_b10
_c20130410
_lUCH01
_h1353
590 _aBATCH-UPD
_b10
_c20130914
_lUCH01
_h1117
590 _aCONVERSION
_b10
_c20130109
_lUCH01
_h1309
650 1 4 _aAgricultura
_xJalisco.
_91714
650 1 4 _aCultivos
_xJalisco.
_930289
901 _aBK
942 _cTESIS
949 _bBC
_cTES
_d-45409
_eTS1
_i19511
_si
999 _c14463
_d14463